000 00661nam a2200229Ia 4500
003 GCL
008 140319s9999 xx 000 0 aRus d
040 _aGCL /
_cGCL
082 0 4 _a770.92
_bV P
100 1 _aVERGER, PIERRE
245 1 0 _aPIERRE VERGER: LE MESSAGES: THE GO - BETWEEN PHOTOGRAPHIES 1932 - 1962 /
_cVERGER, PIERRE
700 1 _aPIVIN, JEAN LOUP
700 1 _aLEON, PASCAL MARTIN
260 _a[S.N] :
_bEDITIONS REVUE ،
_c1993
300 _a237 P
650 0 4 _aPHOTOGRAPHY
650 0 4 _aPHOTOGRAPHERS
650 0 4 _aSUDAN - PHOTOGRAPHY
650 0 4 _aVERGER, PIERRE FATUMBE
650 0 4 _aPHOTOGRAPHERS - BIOGRAPHIES
942 _2ddc
_cBK
999 _c16451
_d16451